Positivismo y moral interna del derecho
Salvato in:
| Autore principale: | |
|---|---|
| Natura: | Libro |
| Lingua: | spagnolo |
| Pubblicazione: |
Madrid
Centro de Estudios Políticos y Constitucionales
2000
|
| Serie: | Colección El Derecho y la Justicia
|
| Soggetti: | |
| Tags: |
Aggiungi Tag
Nessun Tag, puoi essere il primo ad aggiungerne!!
|
MARC
| LEADER | 00000nam a2200000 a 4500 | ||
|---|---|---|---|
| 001 | UCO6041 | ||
| 003 | CL-VaPUC | ||
| 008 | 001006e20000000SP |||||||||||||||||spa|d | ||
| 082 | 0 | 4 | |a 340.11 |b ESC |2 21 |
| 100 | 0 | |a Escudero Alday, Rafael |e author |9 450867 | |
| 245 | 1 | 0 | |a Positivismo y moral interna del derecho |
| 300 | |a 568 p | ||
| 942 | |c BK | ||
| 945 | |d 20001006 00:00:00 |a vberengu | ||
| 260 | |a Madrid |b Centro de Estudios Políticos y Constitucionales |c 2000 | ||
| 650 | 0 | |a Etica jurídica |9 255897 | |
| 650 | 0 | |a Filosofía del derecho |9 255050 | |
| 650 | 0 | |a Justicia |9 255408 | |
| 650 | 0 | |a Positivismo jurídico |9 255992 | |
| 583 | |a last modification |c 20001006 00:00:00 |k Rodrigo Vera | ||
| 490 | 0 | |a Colección El Derecho y la Justicia | |
| 999 | |c 291835 |d 291833 | ||
| 952 | |0 0 |1 0 |4 0 |6 340_110000000000000_ESC_2000 |7 0 |8 DER_TF |9 342071 |a BIBDER |b BIBDER |d 2019-11-20 |i 365589K |o 340.11 ESC 2000 |p 365589K |r 2023-01-25 |w 2019-11-20 |x Ubicación 4to Piso |y BK |z Estos recursos deben solicitarse con anticipación |k DER | ||